Stars Françaises de A-Z - Statistiques

Statistiques générales
  • Ce quiz a été pris 1 285 fois
  • Le résultat moyen est 18 sur 26
Statistiques - réponses
Par images Réponse % Correct
Emmanuel Macron
98%
Kylian MBappé
94%
Gerard Depardieu
90%
Omar Sy
90%
Vianney
88%
Cyprien
87%
Renaud
85%
Zazie
83%
Thomas Pesquet
82%
Philippe Etchebest
81%
Florence Foresti
80%
Hugo Décrypte
79%
Jean-Luc Reichman
78%
Wejdene
78%
Léna Situations
74%
Mylène Farmer
70%
Xavier Dupont de Ligonnès
69%
Denis Brogniart
67%
Alizée
66%
Iris Mittenaere
65%
Sophie Marceau
57%
Bernard Tapie
56%
Yves Saint Laurent
32%
Ultia
19%
Nicky Doll
11%
Quentin Elias
3%
Aucun quiz correspondant
Distribution des résultats
% des personnes avec chaque résultat
Percentile par nombre de réponses
Votre historique - résultats
Vous n’avez pas pris ce quiz